[Event "87o Campeonato Brasileiro Absoluto Final Aberta"]
[Site "Cuiaba MT"]
[Date "2021.10.31"]
[Round "5"]
[Board "52"]
[White "Bisesar, Maycon Da Costa"]
[Black "Zakowicz, Rafael"]
[Result "0-1"]
[WhiteElo "1742"]
[BlackElo "1932"]
[PlyCount "130"]
[EventDate "2021.10.28"]
[EventRounds "11"]
[EventCountry "BRA"]

1. d4 d5 2. c4 e6 3. cxd5 exd5 4. Nc3 Nf6 5. Nf3 Be7 6. Bf4 O-O 7. e3 c6 8. h3
Qa5 9. Bd3 Bb4 10. Qc2 Ne4 11. Bxe4 dxe4 12. Nd2 Re8 13. a3 Nd7 14. Nb3 Bxc3+
15. Qxc3 Qh5 16. Qa5 Qg6 17. Qg5 Qe6 18. Nc5 Nxc5 19. Qxc5 b6 20. Qe5 Qd7 21.
Qd6 Qf5 22. O-O Ba6 23. Rfc1 Re6 24. Qc7 Rg6 25. Rxc6 Rc8 26. Rd6 h6 27. Rd8+
Rxd8 28. Qxd8+ Kh7 29. Bg3 Qb5 30. Qe7 Qxb2 31. Re1 Qc3 32. Qb4 Rc6 33. Qxc3
Rxc3 34. Bb8 Rxa3 35. Bxa7 Rb3 36. d5 Kg6 37. Rc1 Bb7 38. d6 Kf6 39. Rc7 Bd5
40. Re7 Rb1+ 41. Kh2 Bc6 42. Rc7 Bd5 43. Re7 Bc6 44. Bb8 Rd1 45. Ra7 Ke6 46.
Re7+ Kf6 47. Ra7 b5 48. Ra6 Bd7 49. Ba7 Ke6 50. Bd4 g5 51. Rb6 f5 52. Rb8 Kxd6
53. Rh8 f4 54. Rxh6+ Kd5 55. Rh5 Rxd4 56. Rxg5+ Kc4 57. exd4 b4 58. Rc5+ Kxd4
59. Rc1 Bf5 60. Kg1 e3 61. fxe3+ fxe3 62. Kf1 b3 63. Rd1+ Bd3+ 64. Ke1 b2 65.
g4 e2  0-1

[Event "87o Campeonato Brasileiro Absoluto Final Aberta"]
[Site "Cuiaba MT"]
[Date "2021.10.31"]
[Round "5"]
[Board "53"]
[White "Gazineu Neto, Rubens"]
[Black "Rodrigues Mota, Romulo Cardoso S"]
[Result "1/2-1/2"]
[WhiteElo "1931"]
[BlackElo "1759"]
[PlyCount "54"]
[EventDate "2021.10.28"]
[EventRounds "11"]
[EventCountry "BRA"]

1. e4 c5 2. Nf3 g6 3. d4 cxd4 4. Nxd4 Nf6 5. Nc3 Nc6 6. Be3 Bg7 7. Bc4 O-O 8.
Bb3 Ng4 9. Qxg4 Nxd4 10. Qd1 Nxb3 11. axb3 f5 12. Bd4 d6 13. Bxg7 Kxg7 14. O-O
f4 15. f3 a6 16. Nd5 e6 17. Qd4+ e5 18. Qf2 Be6 19. Rfd1 Rc8 20. Rd2 Rf7 21.
Rad1 Rc6 22. c3 Rd7 23. b4 b5 24. Ra1 Rf7 25. Kf1 Qg5 26. Rad1 Qd8 27. Ra1 Qg5
 1/2-1/2

[Event "87o Campeonato Brasileiro Absoluto Final Aberta"]
[Site "Cuiaba MT"]
[Date "2021.10.31"]
[Round "5"]
[Board "54"]
[White "Arruda Filho, Ivo Pereira De"]
[Black "De Oliveira, Yuri Garcia"]
[Result "1/2-1/2"]
[WhiteElo "1718"]
[BlackElo "1925"]
[PlyCount "56"]
[EventDate "2021.10.28"]
[EventRounds "11"]
[EventCountry "BRA"]

1. Nf3 c5 2. e3 g6 3. c3 Bg7 4. d4 Nf6 5. Nbd2 d5 6. dxc5 a5 7. Bb5+ Bd7 8. Qa4
O-O 9. O-O Qc7 10. Bxd7 Nbxd7 11. Nb3 Ne4 12. Rd1 Ndxc5 13. Nxc5 Qxc5 14. Qb3
e6 15. a4 Rfb8 16. Nd4 b5 17. Nxb5 Nd6 18. Qa3 Qxa3 19. Nxa3 Rb7 20. f3 f5 21.
Re1 Bh6 22. g3 Kf7 23. Re2 Rab8 24. Rc2 Ke7 25. Kf2 Nc4 26. Nb5 Nd6 27. Na3 Nc4
28. Nb5 Nd6  1/2-1/2

[Event "87o Campeonato Brasileiro Absoluto Final Aberta"]
[Site "Cuiaba MT"]
[Date "2021.10.31"]
[Round "5"]
[Board "55"]
[White "Dos Anjos, Avner Augusto"]
[Black "Assad, Leonardo Vaz De Figueiredo"]
[Result "1-0"]
[WhiteElo "1923"]
[BlackElo "1745"]
[PlyCount "67"]
[EventDate "2021.10.28"]
[EventRounds "11"]
[EventCountry "BRA"]

1. e4 c5 2. Nf3 e6 3. d4 cxd4 4. Nxd4 a6 5. Bd3 Qc7 6. Qe2 Nf6 7. c4 d6 8. Nc3
Be7 9. O-O Nbd7 10. Be3 b6 11. f4 Bb7 12. b4 O-O 13. Rac1 Rfe8 14. g4 g6 15. f5
exf5 16. gxf5 Bf8 17. fxg6 fxg6 18. Nd5 Qd8 19. Nxf6+ Nxf6 20. Bg5 Be7 21. Qf3
Qd7 22. c5 Qg4+ 23. Qxg4 Nxg4 24. Bc4+ Kh8 25. Bxe7 Rxe7 26. c6 Bc8 27. Rf8+
Kg7 28. Rg8+ Kh6 29. Be6 Rc7 30. Bxg4 Kg5 31. Bxc8 Rcxc8 32. Rxc8 Rxc8 33. Rf1
h5 34. Ne6+  1-0

[Event "87o Campeonato Brasileiro Absoluto Final Aberta"]
[Site "Cuiaba MT"]
[Date "2021.10.31"]
[Round "5"]
[Board "56"]
[White "Azevedo Junior, Joao Nunes"]
[Black "Vargas, Roberto Carlos Melgarejo"]
[Result "1/2-1/2"]
[WhiteElo "1919"]
[BlackElo "1722"]
[PlyCount "63"]
[EventDate "2021.10.28"]
[EventRounds "11"]
[EventCountry "BRA"]

1. e4 c5 2. Nf3 g6 3. Nc3 Bg7 4. g3 Nc6 5. Bb5 d6 6. Bxc6+ bxc6 7. h3 Nf6 8. d3
Rb8 9. Rb1 Nd7 10. Bd2 O-O 11. Qc1 Ne5 12. Nxe5 Bxe5 13. Bh6 Re8 14. f4 Bg7 15.
Bxg7 Kxg7 16. Kf2 f5 17. Kg2 e5 18. Rf1 Be6 19. fxe5 dxe5 20. Qe3 Qd4 21. Qxd4
cxd4 22. Na4 fxe4 23. dxe4 Bxa2 24. Ra1 Bc4 25. Rf2 Rf8 26. Rd2 Rf7 27. b3 Be6
28. Nc5 Bc8 29. Ra5 Rb5 30. b4 Rxa5 31. bxa5 Kf8 32. Nd3  1/2-1/2

[Event "87o Campeonato Brasileiro Absoluto Final Aberta"]
[Site "Cuiaba MT"]
[Date "2021.10.31"]
[Round "5"]
[Board "57"]
[White "Da Silva, Fabio Lima"]
[Black "Franco Filho, Sinvaldo Barreiros"]
[Result "1/2-1/2"]
[WhiteElo "1909"]
[BlackElo "1702"]
[PlyCount "131"]
[EventDate "2021.10.28"]
[EventRounds "11"]
[EventCountry "BRA"]

1. d4 d5 2. c4 e6 3. Nf3 Bb4+ 4. Bd2 Bd6 5. e3 c5 6. cxd5 exd5 7. dxc5 Bxc5 8.
Bc3 Nf6 9. Nbd2 O-O 10. Be2 Bf5 11. Rc1 Bb6 12. O-O Nbd7 13. Nb3 a5 14. Nbd4
Bg6 15. Bd3 Bxd3 16. Qxd3 Nc5 17. Qb5 Nce4 18. Ne2 Nxc3 19. Rxc3 Qd6 20. Rd1
Qb4 21. Rb3 Qxb5 22. Rxb5 Bc7 23. Rxb7 Rac8 24. Nc3 Rfd8 25. Nd4 Ne4 26. Nc6
Nxc3 27. bxc3 Bxh2+ 28. Kxh2 Rxc6 29. Rxd5 Ra8 30. Rdd7 Rf8 31. Rdc7 Rd6 32. a4
Rd2 33. Kg3 Ra2 34. Rc4 h6 35. Ra7 Rd8 36. Rxa5 Rdd2 37. Rf4 Rdc2 38. c4 g5 39.
Rff5 Rxc4 40. Ra7 Raxa4 41. Raxf7 h5 42. Rb7 Rg4+ 43. Kf3 Ra6 44. Rc5 Rf6+ 45.
Ke2 Rxg2 46. Rc8+ Rf8 47. Rxf8+ Kxf8 48. Kf3 Rg1 49. Rh7 h4 50. e4 Kg8 51. Rh5
Kg7 52. e5 Kg6 53. Rh8 Kf5 54. Ke2 Kxe5 55. f3 Ra1 56. Ke3 Ra3+ 57. Kf2 Kf4 58.
Rf8+ Ke5 59. Rh8 Rb3 60. Kg2 Kf4 61. Rf8+ Ke3 62. Rf5 Rb2+ 63. Kh3 Rb4 64. Rxg5
Kxf3 65. Rf5+ Ke4 66. Rh5  1/2-1/2

[Event "87o Campeonato Brasileiro Absoluto Final Aberta"]
[Site "Cuiaba MT"]
[Date "2021.10.31"]
[Round "5"]
[Board "58"]
[White "Nascimento, Davi De Araujo"]
[Black "Baeta, Marcio Netto"]
[Result "1-0"]
[WhiteElo "1628"]
[BlackElo "1906"]
[PlyCount "73"]
[EventDate "2021.10.28"]
[EventRounds "11"]
[EventCountry "BRA"]

1. d4 Nf6 2. e3 d5 3. Bd3 c5 4. c3 Nc6 5. f4 Bg4 6. Nf3 e6 7. Nbd2 cxd4 8. exd4
Bd6 9. h3 Bxf4 10. hxg4 Bg3+ 11. Kf1 Nxg4 12. Qe2 Qf6 13. Nb3 e5 14. Bg5 Qd6
15. Nxe5 Ngxe5 16. dxe5 Bxe5 17. Re1 Kd7 18. Qg4+ Kc7 19. Nd4 a6 20. Nxc6 Kxc6
21. c4 Rae8 22. cxd5+ Kc7 23. Qf3 f6 24. Rc1+ Kb8 25. Bh4 g5 26. Bf2 Bxb2 27.
Rb1 g4 28. Qd1 Be5 29. Qb3 Re7 30. Bf5 g3 31. Bb6 h5 32. Be6 h4 33. Qc4 Bb2 34.
Rxb2 Rxe6 35. Bc7+ Qxc7 36. Qxc7+ Kxc7 37. dxe6  1-0

[Event "87o Campeonato Brasileiro Absoluto Final Aberta"]
[Site "Cuiaba MT"]
[Date "2021.10.31"]
[Round "5"]
[Board "59"]
[White "Serafim, Paulo Rogerio"]
[Black "Felicio, Leonardo Demetrio De F."]
[Result "1/2-1/2"]
[WhiteElo "1441"]
[BlackElo "1896"]
[PlyCount "22"]
[EventDate "2021.10.28"]
[EventRounds "11"]
[EventCountry "BRA"]

1. c4 Nf6 2. Nc3 g6 3. e4 d6 4. d4 Bg7 5. Nf3 O-O 6. Be2 e5 7. d5 Na6 8. Bg5 h6
9. Bh4 g5 10. Bg3 Nc5 11. Nd2 a5  1/2-1/2

[Event "87o Campeonato Brasileiro Absoluto Final Aberta"]
[Site "Cuiaba MT"]
[Date "2021.10.31"]
[Round "5"]
[Board "60"]
[White "Cabral Teske, Luiz Fernando"]
[Black "Cymbalista, Eduardo Cymrot"]
[Result "1/2-1/2"]
[WhiteElo "1894"]
[BlackElo "1735"]
[PlyCount "41"]
[EventDate "2021.10.28"]
[EventRounds "11"]
[EventCountry "BRA"]

1. e4 e5 2. Nf3 Nc6 3. Bc4 Bc5 4. c3 Nf6 5. d4 exd4 6. e5 d5 7. Bb5 Ne4 8. cxd4
Bb4+ 9. Nbd2 Bg4 10. Qa4 Bd7 11. O-O Nxd2 12. Bxd2 Bxd2 13. Nxd2 O-O 14. f4 Nb8
15. b4 c6 16. Be2 c5 17. Qb3 c4 18. Qc3 f5 19. Bf3 Be6 20. a4 Nc6 21. b5
 1/2-1/2

[Event "87o Campeonato Brasileiro Absoluto Final Aberta"]
[Site "Cuiaba MT"]
[Date "2021.10.31"]
[Round "5"]
[Board "61"]
[White "Farias, Igor Borge Cardoso"]
[Black "Ferreira, Thales Bond Dias"]
[Result "1/2-1/2"]
[WhiteElo "1889"]
[BlackElo "1805"]
[PlyCount "65"]
[EventDate "2021.10.28"]
[EventRounds "11"]
[EventCountry "BRA"]

1. Nf3 c5 2. c4 Nc6 3. g3 e5 4. Nc3 g6 5. Bg2 Bg7 6. O-O d6 7. d3 Nge7 8. e4
O-O 9. Nh4 f5 10. exf5 Nxf5 11. Nxf5 Bxf5 12. Nd5 Rb8 13. Be3 Qd7 14. Be4 Bh3
15. Re1 b5 16. cxb5 Rxb5 17. Qa4 Nb4 18. Nxb4 Rxb4 19. Qxd7 Bxd7 20. b3 Be6 21.
Rac1 Rb6 22. Bg2 Rfb8 23. d4 cxd4 24. Bxd4 Ra6 25. Rc6 Rxc6 26. Bxc6 Rc8 27.
Bf3 Rc7 28. Bb2 Rc2 29. Re2 Rxe2 30. Bxe2 Kf7 31. f3 Bh6 32. Kf2 Bd5 33. Bc4
 1/2-1/2

[Event "87o Campeonato Brasileiro Absoluto Final Aberta"]
[Site "Cuiaba MT"]
[Date "2021.10.31"]
[Round "5"]
[Board "62"]
[White "Do Carmo, Gabriel Carckeno"]
[Black "Brito, Vicente De Paulo Alencar"]
[Result "1/2-1/2"]
[WhiteElo "1398"]
[BlackElo "1889"]
[PlyCount "59"]
[EventDate "2021.10.28"]
[EventRounds "11"]
[EventCountry "BRA"]

1. c4 Nf6 2. Nc3 g6 3. Nf3 Bg7 4. g3 O-O 5. Bg2 d6 6. O-O Nbd7 7. b4 a5 8. b5
e5 9. Qc2 Nc5 10. d3 e4 11. Ng5 exd3 12. exd3 Bf5 13. Rd1 h6 14. Nf3 g5 15. Nd4
Bg6 16. Ba3 Nfd7 17. Bxc5 Nxc5 18. Nb3 Bh5 19. Rd2 Nxb3 20. axb3 Qf6 21. Rc1
Qxc3 22. Qxc3 Bxc3 23. Rxc3 Rab8 24. Ra2 Rfe8 25. Be4 b6 26. b4 axb4 27. Rb3 f5
28. Bxf5 Bf3 29. Rb1 Re5 30. Be4  1/2-1/2

[Event "87o Campeonato Brasileiro Absoluto Final Aberta"]
[Site "Cuiaba MT"]
[Date "2021.10.31"]
[Round "5"]
[Board "63"]
[White "Rocha, Matheus Eugenio S M Nunes"]
[Black "Kruger, Israel"]
[Result "0-1"]
[WhiteElo "1800"]
[BlackElo "1882"]
[PlyCount "31"]
[EventDate "2021.10.28"]
[EventRounds "11"]
[EventCountry "BRA"]

1. d4 g6 2. c4 Bg7 3. Nf3 d6 4. e4 Nc6 5. Nc3 Bg4 6. Be3 e5 7. d5 Nce7 8. Be2
h6 9. Nd2 Bxe2 10. Qxe2 Qd7 11. c5 Nf6 12. cxd6 cxd6 13. f3 O-O 14. O-O Nh5 15.
Qb5 Rfd8 16. Qxd7 {celular}  0-1

[Event "87o Campeonato Brasileiro Absoluto Final Aberta"]
[Site "Cuiaba MT"]
[Date "2021.10.31"]
[Round "5"]
[Board "66"]
[White "De Oliveira, Aquiles Machado"]
[Black "Boabaid, Jorge Alberto Duardes"]
[Result "1-0"]
[WhiteElo "2059"]
[BlackElo "1712"]
[PlyCount "133"]
[EventDate "2021.10.28"]
[EventRounds "11"]
[EventCountry "BRA"]

1. e4 c5 2. Nf3 d6 3. d4 cxd4 4. Nxd4 Nf6 5. Nc3 a6 6. Bg5 e6 7. f4 Be7 8. Qf3
Nc6 9. O-O-O Qc7 10. Be2 Bd7 11. Nb3 Rc8 12. Rd2 b5 13. Rhd1 b4 14. Nb1 a5 15.
e5 a4 16. exd6 Bxd6 17. Rxd6 Ne5 18. R1d2 Nxf3 19. Bxf3 Nd5 20. R6xd5 exd5 21.
Re2+ Kf8 22. Be7+ Kg8 23. Nd4 Qxf4+ 24. Rd2 Rc4 25. Ne2 Qe3 26. Bxd5 Qxe7 27.
Bxc4 g6 28. a3 Kg7 29. axb4 Rb8 30. c3 Bf5 31. Na3 Qe3 32. Bd5 Rd8 33. Nc4 Qf2
34. Ng3 Qf4 35. Nxf5+ Qxf5 36. Ne3 Qe5 37. Rd3 f5 38. c4 f4 39. Nd1 g5 40. h3
h5 41. Rd2 a3 42. bxa3 Qa1+ 43. Kc2 Qxa3 44. b5 Re8 45. b6 Qa2+ 46. Kc1 Qa3+
47. Kc2 g4 48. hxg4 hxg4 49. b7 f3 50. gxf3 gxf3 51. Nc3 Qf8 52. Rf2 Qf5+ 53.
Kb3 Qf4 54. Rxf3 Qd6 55. Nb5 Qe5 56. Rf7+ Kh6 57. Rc7 Qe3+ 58. Kb4 Qd2+ 59. Kc5
Qf2+ 60. Kc6 Qf6+ 61. Nd6 Rd8 62. Rd7 Rf8 63. Kc7 Qb2 64. Nf7+ Kg6 65. Nd8 Kh5
66. b8=Q Qe5+ 67. Kc8  1-0

[Event "87o Campeonato Brasileiro Absoluto Final Aberta"]
[Site "Cuiaba MT"]
[Date "2021.10.31"]
[Round "5"]
[Board "67"]
[White "Fedrizzi, Roberto Senatore"]
[Black "De Oliveira Filho, Fernando F"]
[Result "1/2-1/2"]
[WhiteElo "1962"]
[BlackElo "1638"]
[PlyCount "64"]
[EventDate "2021.10.28"]
[EventRounds "11"]
[EventCountry "BRA"]

1. e4 e6 2. d4 d5 3. Nd2 c5 4. c3 Nc6 5. Ngf3 Qb6 6. exd5 exd5 7. Nb3 c4 8.
Nbd2 Qc7 9. a4 Na5 10. Be2 Nf6 11. O-O Bd6 12. Qc2 Bg4 13. h3 Bh5 14. b3 Bg6
15. Qb2 O-O 16. bxc4 dxc4 17. Qa2 Rac8 18. Ba3 Ne4 19. Bxd6 Qxd6 20. Nxe4 Bxe4
21. Ne5 Bd5 22. Rae1 f6 23. Ng4 Qf4 24. Ne3 Be6 25. d5 Bf7 26. Bg4 Rcd8 27. Be6
Kh8 28. Bxf7 Rxf7 29. Re2 Re7 30. Rfe1 h6 31. Qc2 Qe4 32. Qd1 Qd3  1/2-1/2

[Event "87o Campeonato Brasileiro Absoluto Final Aberta"]
[Site "Cuiaba MT"]
[Date "2021.10.31"]
[Round "5"]
[Board "68"]
[White "De Souza Monteiro, Marcos Paulo"]
[Black "Bueno, Marcos Antonio Ferreira"]
[Result "1-0"]
[WhiteElo "1942"]
[BlackElo "1661"]
[PlyCount "81"]
[EventDate "2021.10.28"]
[EventRounds "11"]
[EventCountry "BRA"]

1. d4 Nf6 2. Nf3 g6 3. c4 Bg7 4. Nc3 O-O 5. e4 d6 6. Be2 e5 7. O-O Nc6 8. d5
Ne7 9. Ne1 Ne8 10. Be3 b6 11. b4 f5 12. f3 f4 13. Bf2 g5 14. Rc1 Ng6 15. c5 Rf7
16. cxd6 cxd6 17. Bb5 Nf6 18. a4 h5 19. Bc6 Rb8 20. a5 g4 21. Kh1 Bf8 22. axb6
axb6 23. Ra1 h4 24. Bg1 g3 25. h3 Rg7 26. Nb5 Nh5 27. Na7 Bxh3 28. gxh3 g2+ 29.
Nxg2 Ng3+ 30. Kh2 Qg5 31. Bf2 Nxf1+ 32. Qxf1 Ne7 33. Bd7 Kh8 34. Bg4 Ng8 35.
Nc6 Rbb7 36. Ra8 Be7 37. Bxh4 Qh6 38. Nxe7 Rbxe7 39. Bxe7 Rxe7 40. Qf2 Rc7 41.
Qh4  1-0

[Event "87o Campeonato Brasileiro Absoluto Final Aberta"]
[Site "Cuiaba MT"]
[Date "2021.10.31"]
[Round "5"]
[Board "69"]
[White "Passos, Rafael Moreira"]
[Black "Da Cruz, Emerson"]
[Result "1-0"]
[WhiteElo "1893"]
[BlackElo "1623"]
[PlyCount "57"]
[EventDate "2021.10.28"]
[EventRounds "11"]
[EventCountry "BRA"]

1. e4 c5 2. Nc3 Nc6 3. g3 g6 4. Bg2 Bg7 5. d3 e5 6. f4 d6 7. Nh3 Nge7 8. O-O
Be6 9. Ng5 Bd7 10. f5 h6 11. fxg6 hxg5 12. Rxf7 Nxg6 13. Rxg7 Qf6 14. Rxd7 Kxd7
15. Nd5 Qf7 16. Qg4+ Qe6 17. Qxe6+ Kxe6 18. Nc7+ Kf6 19. Nxa8 Rxa8 20. c3 b5
21. Be3 Nge7 22. Rf1+ Kg6 23. Bh3 Rg8 24. Bf5+ Kh5 25. g4+ Kh6 26. h4 Nxf5 27.
Rxf5 Kh7 28. Bxg5 Kg6 29. Rf6+  1-0

[Event "87o Campeonato Brasileiro Absoluto Final Aberta"]
[Site "Cuiaba MT"]
[Date "2021.10.31"]
[Round "5"]
[Board "70"]
[White "Melo, Igor De Souza"]
[Black "Valcarcel, Victor Ignacio Dos Santos"]
[Result "0-1"]
[WhiteElo "1710"]
[BlackElo "1879"]
[PlyCount "70"]
[EventDate "2021.10.28"]
[EventRounds "11"]
[EventCountry "BRA"]

1. e4 e5 2. Nf3 Nc6 3. Bc4 Bc5 4. d3 Nf6 5. O-O d6 6. c3 Bg4 7. Re1 O-O 8. Nbd2
a6 9. Bb3 Qd7 10. Nf1 Rae8 11. h3 Be6 12. Ng3 h6 13. d4 Bxb3 14. axb3 Bb6 15.
d5 Ne7 16. Nh4 Kh7 17. Nhf5 Nxf5 18. Nxf5 Nxe4 19. Qg4 Bxf2+ 20. Kh2 g6 21.
Rxe4 Qxf5 22. Qe2 Bb6 23. Bd2 Qf2 24. Qd3 f5 25. Re2 Qh4 26. Ra4 e4 27. Qb1 Rf7
28. Qf1 Ref8 29. c4 Bd4 30. b4 f4 31. Rxe4 Qg3+ 32. Kh1 f3 33. gxf3 Rxf3 34.
Re7+ Kg8 35. Qe1 Qxh3#  0-1

[Event "87o Campeonato Brasileiro Absoluto Final Aberta"]
[Site "Cuiaba MT"]
[Date "2021.10.31"]
[Round "5"]
[Board "71"]
[White "Paludo, Nicolas Luis Escarantte"]
[Black "Sopko, Cassio Roberto"]
[Result "1/2-1/2"]
[WhiteElo "1821"]
[BlackElo "1877"]
[PlyCount "49"]
[EventDate "2021.10.28"]
[EventRounds "11"]
[EventCountry "BRA"]

1. e4 e5 2. Nf3 Nf6 3. Nc3 Bb4 4. Bc4 O-O 5. d3 d5 6. exd5 Nxd5 7. Bxd5 Qxd5 8.
h3 b6 9. Bd2 Bxc3 10. Bxc3 Nc6 11. Qe2 Nd4 12. Bxd4 exd4 13. O-O c5 14. Qe4
Qxe4 15. dxe4 Re8 16. Rfe1 Bb7 17. Nd2 Re6 18. f3 Rae8 19. Kf2 g5 20. a4 a5 21.
b3 f6 22. g4 Rd8 23. Rad1 Kf7 24. Nf1 Ba6 25. Nd2  1/2-1/2

[Event "87o Campeonato Brasileiro Absoluto Final Aberta"]
[Site "Cuiaba MT"]
[Date "2021.10.31"]
[Round "5"]
[Board "72"]
[White "Pironti, Francisco Ferrari"]
[Black "Lima, Carlos Eduardo I De Araujo"]
[Result "1/2-1/2"]
[WhiteElo "1499"]
[BlackElo "1815"]
[PlyCount "78"]
[EventDate "2021.10.28"]
[EventRounds "11"]
[EventCountry "BRA"]

1. e4 c6 2. d4 d5 3. Nc3 dxe4 4. Nxe4 Bf5 5. Ng3 Bg6 6. Bc4 e6 7. N1e2 Nf6 8.
O-O Bd6 9. f4 O-O 10. f5 exf5 11. Nxf5 Bxf5 12. Rxf5 Ng4 13. Ng3 Nf6 14. Bg5
Nbd7 15. Qf3 Bxg3 16. hxg3 Qb6 17. c3 Rae8 18. Rf1 c5 19. dxc5 Qc6 20. Qxc6
bxc6 21. Bf4 g6 22. Rg5 Kg7 23. Bd6 Rg8 24. Bxf7 Kxf7 25. Rg4 Re2 26. b4 Rge8
27. Rgf4 Rxa2 28. b5 Rc8 29. b6 axb6 30. cxb6 Rb2 31. Bc7 Kg7 32. Ra4 Nd5 33.
Ra7 Kg8 34. c4 N5xb6 35. Bxb6 Nxb6 36. Rff7 Rb1+ 37. Kh2 Re1 38. Rg7+ Kh8 39.
Rxh7+ Kg8  1/2-1/2

[Event "87o Campeonato Brasileiro Absoluto Final Aberta"]
[Site "Cuiaba MT"]
[Date "2021.10.31"]
[Round "5"]
[Board "73"]
[White "Cruz, Natan Gomes"]
[Black "Olivo, Anibal Ribeiro"]
[Result "1/2-1/2"]
[WhiteElo "1815"]
[BlackElo "1588"]
[PlyCount "115"]
[EventDate "2021.10.28"]
[EventRounds "11"]
[EventCountry "BRA"]

1. d4 Nf6 2. Bg5 e6 3. Nd2 h6 4. Bh4 Be7 5. Ngf3 Nc6 6. e4 d6 7. c3 O-O 8. Bd3
b6 9. Qe2 a5 10. O-O Bb7 11. Rad1 Nh7 12. Bg3 Ng5 13. d5 exd5 14. exd5 Nb8 15.
c4 Na6 16. h4 Nxf3+ 17. Nxf3 Re8 18. Qe4 g6 19. Qf4 Kg7 20. h5 Bg5 21. Nxg5
Qxg5 22. Qd4+ Qf6 23. Be4 Qxd4 24. Rxd4 Nc5 25. Bf3 g5 26. Bd1 Bc8 27. f3 Bf5
28. Re1 Rxe1+ 29. Bxe1 Re8 30. Bd2 f6 31. Kf1 Re7 32. a3 Re8 33. Kf2 Bh7 34. b3
Re7 35. b4 axb4 36. axb4 Nd3+ 37. Kf1 Ne5 38. Kf2 Re8 39. f4 gxf4 40. Bxf4 Nd3+
41. Kg3 Nxf4 42. Kxf4 Re1 43. Bg4 Rf1+ 44. Kg3 Re1 45. Kf2 Re4 46. Rxe4 Bxe4
47. g3 f5 48. Be2 Kf6 49. Ke3 Ke5 50. Bf3 Bc2 51. Kd2 Be4 52. Ke3 Bc2 53. Be2
Ba4 54. Kd2 Bd7 55. Ke3 Be8 56. b5 Bd7 57. Bf3 Be8 58. g4  1/2-1/2

[Event "87o Campeonato Brasileiro Absoluto Final Aberta"]
[Site "Cuiaba MT"]
[Date "2021.10.31"]
[Round "5"]
[Board "75"]
[White "Messias, Jose Vitor Lamosa Prado"]
[Black "Naief Moreira, Cleber"]
[Result "1-0"]
[WhiteElo "1762"]
[BlackElo "1852"]
[PlyCount "69"]
[EventDate "2021.10.28"]
[EventRounds "11"]
[EventCountry "BRA"]

1. e4 d6 2. d4 Nf6 3. Nc3 g6 4. Be3 Bg7 5. Qd2 Nbd7 6. Bh6 O-O 7. Bxg7 Kxg7 8.
O-O-O e5 9. Be2 Re8 10. d5 Nc5 11. f3 Nh5 12. g4 Nf4 13. Bf1 a6 14. Nge2 Nxe2+
15. Bxe2 Qh4 16. Rdg1 Bd7 17. Nd1 Rad8 18. Ne3 Bc8 19. Rg3 c6 20. Ng2 Qe7 21.
h4 h6 22. Ne3 Qc7 23. Rhg1 Kh7 24. Bd3 Nxd3+ 25. Qxd3 b5 26. Rf1 Bb7 27. f4
cxd5 28. Nxd5 Bxd5 29. Qxd5 Rc8 30. Rc3 Qa7 31. fxe5 Kg8 32. exd6 Rxc3 33. bxc3
Qe3+ 34. Kb2 b4 35. Qxf7+  1-0

[Event "87o Campeonato Brasileiro Absoluto Final Aberta"]
[Site "Cuiaba MT"]
[Date "2021.10.31"]
[Round "5"]
[Board "76"]
[White "Pimentel, Lucas Dos Santos"]
[Black "Cella, Glaucio Dalla Cortt"]
[Result "0-1"]
[WhiteElo "1345"]
[BlackElo "1961"]
[PlyCount "68"]
[EventDate "2021.10.28"]
[EventRounds "11"]
[EventCountry "BRA"]

1. Nf3 c5 2. g3 d5 3. Bg2 Nc6 4. O-O e5 5. d3 f6 6. c4 Be6 7. cxd5 Bxd5 8. Nc3
Be6 9. Be3 Qd7 10. Ne4 Nd4 11. Qd2 Bh3 12. Bxd4 Bxg2 13. Kxg2 cxd4 14. Rfc1 Bd6
15. Qa5 Ne7 16. Nxd6+ Qxd6 17. Rc7 Nc6 18. Rxc6 Qxc6 19. Qa3 g5 20. Kg1 Kf7 21.
Nd2 h5 22. Ne4 Kg6 23. h4 gxh4 24. gxh4 Rhg8 25. Kh2 Kh6 26. Ng3 Qe6 27. Qe7
Qxe7 28. Nf5+ Kh7 29. Nxe7 Rg4 30. f3 Rg7 31. Nf5 Rc7 32. Rg1 Rg8 33. Ng3 Rcg7
34. Kh3 f5  0-1

[Event "87o Campeonato Brasileiro Absoluto Final Aberta"]
[Site "Cuiaba MT"]
[Date "2021.10.31"]
[Round "5"]
[Board "77"]
[White "Santos, Wenesley Da Luz"]
[Black "Andrade, Guilherme A. De Souza"]
[Result "0-1"]
[WhiteElo "1286"]
[BlackElo "1852"]
[PlyCount "108"]
[EventDate "2021.10.28"]
[EventRounds "11"]
[EventCountry "BRA"]

1. d4 Nf6 2. c4 g6 3. Nc3 Bg7 4. e4 d6 5. Nf3 O-O 6. Be2 e5 7. Be3 Ng4 8. Bg5
f6 9. Bh4 g5 10. Bg3 Nh6 11. h3 Nc6 12. d5 Ne7 13. Nd2 Ng6 14. b4 f5 15. f3 Nf4
16. Bf1 Rf7 17. Qc2 Kh8 18. Nb3 Qf6 19. c5 fxe4 20. Nxe4 Qd8 21. Rd1 Nf5 22.
Bf2 Nh4 23. Bg3 Bf5 24. Rd2 Bxh3 25. Bxf4 Bxg2 26. Bxg2 exf4 27. Kd1 Nf5 28.
Qd3 Ne3+ 29. Kc1 Bf6 30. Rh6 Nf5 31. Rh5 Qe7 32. Nxf6 Qxf6 33. Kb1 Re8 34. Re2
Rfe7 35. Bf1 Rxe2 36. Bxe2 Re3 37. Qc2 h6 38. Rh2 Kg7 39. Qb2 Re5 40. Bc4 Ng3
41. Qd4 Nf5 42. Qd2 Ne3 43. Qd3 Nf5 44. Re2 Ne3 45. Nd4 Nxc4 46. Ne6+ Rxe6 47.
dxe6 Ne3 48. cxd6 cxd6 49. Qe4 d5 50. Qd3 Qxe6 51. Qd4+ Qf6 52. Rd2 Qxd4 53.
Rxd4 Kf6 54. Rd1 Nxd1  0-1

[Event "87o Campeonato Brasileiro Absoluto Final Aberta"]
[Site "Cuiaba MT"]
[Date "2021.10.31"]
[Round "5"]
[Board "78"]
[White "Marquezini, Paulo Eduardo Seben"]
[Black "Costa, Ricardo Santos"]
[Result "0-1"]
[WhiteElo "1760"]
[BlackElo "1834"]
[PlyCount "54"]
[EventDate "2021.10.28"]
[EventRounds "11"]
[EventCountry "BRA"]

1. e4 c5 2. Nf3 Nc6 3. Bc4 Nf6 4. Nc3 d6 5. d4 cxd4 6. Nxd4 Bd7 7. O-O g6 8.
Re1 Bg7 9. Nf3 O-O 10. h3 a6 11. Nd5 Nxd5 12. Bxd5 e6 13. Bb3 Qc7 14. Bf4 Ne5
15. Nxe5 Bxe5 16. Bxe5 dxe5 17. f3 Rad8 18. Qe2 Bb5 19. c4 Qc5+ 20. Kh2 Bc6 21.
Rac1 Rd4 22. Red1 Rfd8 23. h4 Qe7 24. Kg3 g5 25. hxg5 Qxg5+ 26. Kf2 Rd2 27.
Rxd2 Rxd2  0-1

[Event "87o Campeonato Brasileiro Absoluto Final Aberta"]
[Site "Cuiaba MT"]
[Date "2021.10.31"]
[Round "5"]
[Board "79"]
[White "Aoyama, Edmundo"]
[Black "Oliveira, Olavo Tadeu Carvalho"]
[Result "1-0"]
[WhiteElo "1824"]
[BlackElo "1304"]
[PlyCount "53"]
[EventDate "2021.10.28"]
[EventRounds "11"]
[EventCountry "BRA"]

1. Nf3 Nf6 2. b3 g6 3. Bb2 Bg7 4. e3 d6 5. d4 O-O 6. Be2 Nbd7 7. O-O Re8 8. c4
e5 9. Nc3 exd4 10. exd4 Ne4 11. Nxe4 Rxe4 12. Bd3 Re8 13. Qc2 c6 14. Rfe1 Nf6
15. h3 Bd7 16. Rad1 Qc7 17. Bc1 Rxe1+ 18. Rxe1 Re8 19. Rxe8+ Nxe8 20. Bf4 Qd8
21. Qd2 c5 22. Be4 Qc8 23. dxc5 dxc5 24. Ne5 Be6 25. Bd5 Nc7 26. Bf3 g5 27. Bg3
 1-0